00628nam a2200205Ia 4500008004100000020002200041041000800063100002600071245010100097260004800198300002000246650002200266650001300288650002600301650001300327650002300340650002400363650001500387650002000402230326s2023 sp 000 0 spa d a978-84-1352-642-3 aspa1 aLEON BORJA, Margarita13aEl arte de pactarb: estado de bienestar, desigualdad y acuerdo socialc/ Margarita León Borja aMadrid : bLos Libros de la Catarata,c2023 a126 p. ;c22 cm aESTADO-BENEFACTOR 0aEPIDEMIA 0aENFERMEDAD INFECCIOSA 0aCOVID-19 0aIDEOLOGIA POLITICA 0aASPECTO SOCIOLOGICO 0aDEMOCRACIA 0aCONTRATO SOCIAL